00372nam a2200145Ia 4500003000900000008004100009040001600050080001500066100001800081245005300099260003300152300001500185650001800200650000800218IN-BaIIA211028s9999 xx 000 0 eng d cIIA Library a523.9bGAM aGamow, George 4aThe birth and death of the suncGeorge Gamow  aNew YorkbViking Pressc1940 axiv, 238p. aSolar physics aSun